| Tag |
First Indicator |
Second Indicator |
Subfields |
| LEADER |
00000cam a2200000 i 4500 |
| 001 |
in00004809813 |
| 008 |
051201r20062003nyuaf b 001 0 eng d |
| 005 |
20240807185328.8 |
| 035 |
|
|
|a (OCoLC)ocm62391327
|
| 040 |
|
|
|a BKL
|b eng
|e rda
|c BKL
|d BAKER
|d NTE
|d YDXCP
|d BTCTA
|d OCLCA
|d OCLCQ
|d BDX
|d SZR
|d OCLCO
|d OCLCF
|d OCLCO
|d OCLCQ
|d KOC
|d OCL
|d ALRCP
|d NGU
|d OCLCO
|d OCL
|d UKUSR
|d OCLCO
|d OCLCQ
|d OCLCL
|
| 020 |
|
|
|a 0393327639
|q (pbk.)
|
| 020 |
|
|
|a 9780393327632
|q (pbk.)
|
| 029 |
1 |
|
|a AU@
|b 000051154007
|
| 029 |
1 |
|
|a YDXCP
|b 2226354
|
| 035 |
|
|
|a (OCoLC)62391327
|
| 043 |
|
|
|a e-uk-en
|
| 050 |
|
4 |
|a HQ615
|b .F58 2006
|
| 082 |
|
4 |
|a 306.850941
|b F58
|
| 049 |
|
|
|a MAIN
|
| 100 |
1 |
|
|a Flanders, Judith,
|e author.
|0 http://id.loc.gov/authorities/names/nb98032633
|
| 240 |
1 |
0 |
|a Victorian house
|
| 245 |
1 |
0 |
|a Inside the Victorian home :
|b a portrait of domestic life in Victorian England /
|c Judith Flanders.
|
| 246 |
3 |
0 |
|a Victorian home
|
| 250 |
|
|
|a Norton paperback edition.
|
| 264 |
|
1 |
|a New York :
|b W.W. Norton,
|c 2006.
|
| 264 |
|
4 |
|c ©2003
|
| 300 |
|
|
|a xxviii, 499 pages, 16 unnumbered pages of plates :
|b illustrations (some color) ;
|c 24 cm
|
| 336 |
|
|
|a text
|b txt
|2 rdacontent
|
| 337 |
|
|
|a unmediated
|b n
|2 rdamedia
|
| 338 |
|
|
|a volume
|b nc
|2 rdacarrier
|
| 500 |
|
|
|a Originally published under the title: The Victorian house : domestic life from childbirth to deathbed. London : HarperCollins, 2003.
|
| 504 |
|
|
|a Includes bibliographical references (pages 417-477) and index.
|
| 505 |
0 |
|
|a A quick guide to books and authors -- Currency -- Introduction: House and home -- The bedroom -- The nursery -- The kitchen -- The scullery -- The drawing room -- The parlor -- The dining room -- The morning room -- The bathroom and the lavatory -- The sickroom -- The street.
|
| 520 |
|
|
|a Takes readers through daily life in a Victorian house on a room-by-room basis, providing detailed descriptions of each area's furnishings and decorations while recounting events that may have transpired in the parlor, master bedroom, scullery, sickroom, and more. By the author of A Circle of Sisters.
|
| 520 |
|
|
|a "The Victorian age is much closer to us in time than we might believe. Yet at that time, in the most technologically advanced nation in the world, people buried meat in fresh earth to prevent mold forming and wrung sheets out in boiling water with their bare hands. Such household drudgery was routinely performed by the grandparents of people still living, but the knowledge of it has passed as if it had never been. Judith Flanders's book is laid out like a Victorian house, taking you through the story of daily life from room to room. In each space she depicts the home's furnishings and decoration: from childbirth in the master bedroom, through the scullery and kitchen, the separate male and female domains of the drawing room and the parlor, and ending in the sickroom. A rich selection from diaries, letters, advice books, magazines, and paintings fills the rooms with the people and personalities of the age." --
|c Provided by the publisher.
|
| 590 |
|
|
|b TAG Physical Holdings 2
|
| 650 |
|
0 |
|a Families
|z England
|x History
|y 19th century.
|
| 650 |
|
0 |
|a Home economics
|z England
|x History
|y 19th century.
|
| 650 |
|
0 |
|a Middle class
|z England
|x History
|y 19th century.
|
| 651 |
|
0 |
|a England
|x Social life and customs
|y 19th century.
|0 http://id.loc.gov/authorities/subjects/sh85043324
|
| 651 |
|
0 |
|a England
|x Social conditions
|y 19th century.
|0 http://id.loc.gov/authorities/subjects/sh85043316
|
| 650 |
|
6 |
|a Familles
|z Angleterre
|x Histoire
|y 19e siècle.
|
| 650 |
|
6 |
|a Économie domestique
|z Angleterre
|x Histoire
|y 19e siècle.
|
| 651 |
|
6 |
|a Angleterre
|x Mœurs et coutumes
|y 19e siècle.
|
| 651 |
|
6 |
|a Angleterre
|x Conditions sociales
|y 19e siècle.
|
| 650 |
|
7 |
|a Society.
|2 eflch
|
| 650 |
|
7 |
|a Middle class.
|2 fast
|0 (OCoLC)fst01020437
|
| 650 |
|
7 |
|a Manners and customs.
|2 fast
|0 (OCoLC)fst01007815
|
| 650 |
|
7 |
|a Home economics.
|2 fast
|0 (OCoLC)fst00959173
|
| 650 |
|
7 |
|a Families.
|2 fast
|0 (OCoLC)fst01728849
|
| 650 |
|
7 |
|a Social conditions
|2 fast
|0 (OCoLC)fst01919811
|
| 651 |
|
7 |
|a England.
|2 fast
|0 (OCoLC)fst01219920
|1 https://id.oclc.org/worldcat/entity/E39PBJpYDdYvBpjXV6WpybK68C
|
| 648 |
|
7 |
|a 1800-1899
|2 fast
|
| 655 |
|
7 |
|a History.
|2 fast
|0 (OCoLC)fst01411628
|
| 758 |
|
|
|i has work:
|a Victorian house (Text)
|1 https://id.oclc.org/worldcat/entity/E39PCFGMfbGh497VChxMyd76qP
|4 https://id.oclc.org/worldcat/ontology/hasWork
|
| 856 |
4 |
1 |
|3 Table of contents
|u http://catdir.loc.gov/catdir/toc/ecip0412/2003027693.html
|z Online access for everyone for Table of contents
|t 0
|
| 938 |
|
|
|a Baker & Taylor
|b BKTY
|c 19.95
|d 14.96
|i 0393327639
|n 0006457638
|s active
|
| 938 |
|
|
|a Brodart
|b BROD
|n 03497682
|c $19.95
|
| 938 |
|
|
|a Baker and Taylor
|b BTCP
|n BK0006457638
|
| 938 |
|
|
|a YBP Library Services
|b YANK
|n 2226354
|
| 994 |
|
|
|a 92
|b TAG
|
| 852 |
|
|
|a TAG
|b TAGC
|c galv,stk
|h HQ615 .F58 2006
|t c.1
|
| 876 |
|
|
|c 14.36
|p 33620001129325
|x Acc# 2006-1564
|v unmediated -- volume
|
| 999 |
f |
f |
|s 199b777d-89d1-4d24-bec5-3a829f89d074
|i b6eecd68-a9ca-470f-aaeb-bc557c078ed6
|t 0
|
| 952 |
f |
f |
|p normal
|a Texas A&M University
|b Galveston Campus
|c Jack K. Williams Library
|d Galveston Stacks
|t 0
|e HQ615 .F58 2006
|h Library of Congress classification
|i unmediated -- volume
|m 33620001129325
|
| 998 |
f |
f |
|a HQ615 .F58 2006
|t 0
|l Galveston Stacks
|